000 01354nam a2200337 a 4500
999 _c529570
_d529570
001 1545947
003 NUST
005 20190927154852.0
008 910703s1991 dcua b 000 0 eng
010 _a 91075174
020 _a0309049210 (pbk.) :
_c$9.00
038 _aMSOHAIL
040 _aDLC
_cDLC
050 0 0 _aTE220
_b.B97 1991
082 0 0 _a625.76
_220
100 1 _aByrd, L. G.
_919581
245 1 0 _aShort-term responsive maintenance systems /
_cL. Gary Byrd.
260 _aWashington, D.C. :
_bTransportation Research Board, National Research Council,
_c[1991]
300 _a44 p. :
_bill. ;
_c28 cm.
440 0 _aSynthesis of highway practice / National Cooperative Highway Research Program,
_x0547-5570 ;
_v173
_921873
500 _a"October 1991."
504 _aIncludes bibliographical references (p. 22).
650 0 _aRoads
_xMaintenance and repair
_xManagement.
_921272
650 0 _aPavements
_xMaintenance and repair
_xManagement.
_921695
710 2 _aNational Research Council (U.S.).
_bTransportation Research Board.
_919676
710 2 _aNational Cooperative Highway Research Program.
_920864
830 0 _aSynthesis of highway practice ;
_v173.
_921874
906 _a7
_bcbc
_corignew
_d2
_eopcn
_f19
_gy-gencatlg
942 _2ddc
_cBK